LEADER 01870nam a2200325 i 4500 001 991000984099707536 005 20040322124243.0 008 010919s1511 fr ||| | lat 035 $ab1270006x-39ule_inst 035 $aocm00000004$9ExL 040 $aBiblioteca Interfacoltà$bita 100 1 $aGregorius$c$0330455 245 10$aLiber cure pastoralis diui Gregorii papae :$bin lilio aureo bici diui Iacobi Parrhisiis benat habetur 260 $aParrhisius :$bimpressum per Iohannem barbier impressore[m] : impe[n]sis vero Iohannis petit ...,$cdecima mensis augusti 1511 269 $aParigi :$bBarbier, Jean :$bPetit, Jean,$c1511 300 $a[68] c. ;$c8? (14 cm) 500 $aSegnatura: a-h8 i4 500 $aCapilettera, car. got. 510 $aBiblioteca Apostolica Vaticana & Rete U.R.B.S.: on line public catalog 907 $a.b1270006x$b02-04-14$c23-03-04 912 $a991000984099707536 945 $aLE002 s.c.$cLegato con: Beatissimi Gregorij pape totius ecclesie luminis preclarissimi: Septem psalmos penitentiales explanatio .... - Legato con: Dialogus beati Gregorii papae .... - Legato con: Expositio beati Gregorii papae super Cantica canticoru[m] .... - Sul front. si legge ms.: F. Alexander [...] Arcucliis. - Esemplare parzialmente digitalizzato$g1$iLE002A-24166/1$lle002$o-$pE0.00$q-$rn$so $t0$u0$v0$w0$x0$y.i13216673$z23-03-04 962 $a000:001:JPEG:b1270006:000253:0:0:0:0:0:0$tFrontespizio (c. a1r)$vy 962 $a000:001:JPEG:b1270006:000254:0:0:0:0:0:0$tc. a2r$vy 962 $a000:001:JPEG:b1270006:000255:0:0:0:0:0:0$tc. i2v$vy 962 $a000:001:JPEG:b1270006:000256:0:0:0:0:0:0$tc. i4r$vy 962 $a000:001:JPEG:b1270006:000257:0:0:0:0:0:0$tc. i4v$vy 996 $aLiber cure pastoralis diui Gregorii papae$91381527 997 $aUNISALENTO 998 $ale002$b23-03-04$cm$da $eo$flat$gfr $h0$i1